[Event "Titled Tuesday 2024.10.15 Late"]
[Site "chess.com INT"]
[Date "2024.10.15"]
[Round "4"]
[White "Molina Sumoza, Jesus Alberto"]
[Black "Thavandiran, Shiyam"]
[Result "0-1"]
[WhiteElo "1987"]
[BlackElo "2410"]
[WhiteFideId "-1"]
[WhiteFideId "-1"]
[PlyCount "170"]
[GameId "2129405225054327"]
[EventDate "2024.10.15"]
[EventType "swiss (blitz)"]
[EventRounds "11"]
[EventCountry "NET"]
[SourceTitle "The Week in Chess 1563"]
[Source "Mark Crowther"]
[SourceDate "2024.10.21"]
[SourceVersion "1"]
[SourceVersionDate "2024.10.21"]
[SourceQuality "2"]

1. e4 e6 2. d4 d5 3. Nc3 Nf6 4. Bg5 dxe4 5. Nxe4 Be7 6. Bxf6 gxf6 7. Nf3 a6 8. g3 b5 9. Bg2 Bb7 10. Qd3 f5 11. Nc3 Nc6 12. O-O Nb4 13. Qd2 c5 14. a3 cxd4 15. Nxd4 Bxg2 16. Kxg2 Nxc2 17. Qxc2 Qxd4 18. Rad1 Qc4 19. Qd2 O-O 20. Qh6 Rfd8 21. Rfe1 a5 22. Qh5 b4 23. axb4 axb4 24. Ne2 Qe4+ 25. Kg1 Qg4 26. Qxg4+ fxg4 27. Nf4 Bf6 28. b3 Bc3 29. Rxd8+ Rxd8 30. Re4 Rd6 31. Ne2 f5 32. Rc4 Bd2 33. Nd4 Kf7 34. Nc6 Kf6 35. Nxb4 Rb6 36. Nd3 Rxb3 37. Nc5 Rb1+ 38. Kg2 Rb2 39. Nd7+ Ke7 40. Ne5 Kd6 41. Nd3 Rb3 42. Rd4+ Ke7 43. h3 h5 44. hxg4 hxg4 45. Nf4 Rb2 46. Nd3 Ra2 47. Kf1 Bc3 48. Rc4 Bf6 49. Nf4 Be5 50. Ng6+ Kf6 51. Nxe5 Kxe5 52. Rc5+ Kd4 53. Rc6 e5 54. Rd6+ Ke4 55. Rd7 Ra3 56. Kg2 Rd3 57. Re7 Rd2 58. Re8 Re2 59. Re7 Kd3 60. Rd7+ Ke4 61. Re7 Ra2 62. Re8 Ra7 63. Re6 Kd5 64. Re8 Ra6 65. Rf8 Ke6 66. Re8+ Kf6 67. Rf8+ Kg6 68. Re8 Ra5 69. Re6+ Kf7 70. Rd6 Ra4 71. Rc6 f4 72. gxf4 exf4 73. Rc5 Kf6 74. Rb5 Ra2 75. Kg1 Ra1+ 76. Kg2 Ra2 77. Rc5 g3 78. Rc6+ Ke5 79. Rc5+ Kd4 80. Rc8 Rxf2+ 81. Kg1 Ke3 82. Re8+ Kf3 83. Rf8 Rg2+ 84. Kf1 Rh2 85. Kg1 Ra2 0-1

[Event "Titled Tuesday 2024.10.15 Late"]
[Site "chess.com INT"]
[Date "2024.10.15"]
[Round "5"]
[White "Thavandiran, Shiyam"]
[Black "Zakin, Ilay"]
[Result "1-0"]
[WhiteElo "2410"]
[BlackElo "2240"]
[WhiteFideId "-1"]
[WhiteFideId "-1"]
[PlyCount "153"]
[GameId "2129405225054481"]
[EventDate "2024.10.15"]
[EventType "swiss (blitz)"]
[EventRounds "11"]
[EventCountry "NET"]
[SourceTitle "The Week in Chess 1563"]
[Source "Mark Crowther"]
[SourceDate "2024.10.21"]
[SourceVersion "1"]
[SourceVersionDate "2024.10.21"]
[SourceQuality "2"]

1. e4 c5 2. Nf3 Nc6 3. d4 cxd4 4. Nxd4 Nf6 5. Nc3 e5 6. Ndb5 d6 7. Bg5 a6 8. Na3 b5 9. Nd5 Be7 10. Bxf6 Bxf6 11. c4 b4 12. Nc2 Rb8 13. Be2 O-O 14. O-O b3 15. axb3 Rxb3 16. Ra2 Bg5 17. Bg4 Be6 18. Rxa6 Qc8 19. Bxe6 fxe6 20. Rb6 Rxb6 21. Nxb6 Qc7 22. Na4 Na5 23. Na3 Nxc4 24. Qg4 Nxa3 25. Qxe6+ Qf7 26. Qxf7+ Kxf7 27. bxa3 Ra8 28. Nb6 Rxa3 29. Rd1 Be7 30. Kf1 Ra6 31. Nd5 Rc6 32. Ke2 Ke6 33. Kd3 Bg5 34. Rb1 Rc5 35. Rb7 Bf6 36. Nc7+ Kd7 37. Na6+ Kc6 38. Nxc5 Kxc5 39. Rc7+ Kb6 40. Rc2 Kb5 41. g3 h6 42. h4 Be7 43. Rc7 Bf6 44. h5 Kb6 45. Rc8 Be7 46. Ke3 Bf6 47. Kf3 Kb7 48. Rc2 Bd8 49. Kg4 Bb6 50. Kf5 Bc5 51. Kg6 Kc6 52. Kxg7 d5 53. exd5+ Kxd5 54. Rxc5+ Kxc5 55. Kxh6 Kd5 56. Kg6 Ke4 57. h6 Kf3 58. h7 Kxf2 59. h8=Q e4 60. Qe5 e3 61. g4 e2 62. g5 e1=R 63. Qxe1+ Kxe1 64. Kf7 Kf2 65. g6 Ke3 66. g7 Kd4 67. g8=Q Ke5 68. Qg6 Kd4 69. Qf5 Ke3 70. Qg4 Kd2 71. Qf3 Kc1 72. Qe2 Kb1 73. Ke6 Ka1 74. Kd5 Kb1 75. Kc4 Ka1 76. Kb3 Kb1 77. Qd1# 1-0

[Event "Titled Tuesday 2024.10.15 Late"]
[Site "chess.com INT"]
[Date "2024.10.15"]
[Round "6"]
[White "Thavandiran, Shiyam"]
[Black "Zhigalko, Sergei"]
[Result "1-0"]
[WhiteElo "2410"]
[BlackElo "2572"]
[WhiteFideId "-1"]
[WhiteFideId "-1"]
[PlyCount "69"]
[GameId "2129405225054570"]
[EventDate "2024.10.15"]
[EventType "swiss (blitz)"]
[EventRounds "11"]
[EventCountry "NET"]
[SourceTitle "The Week in Chess 1563"]
[Source "Mark Crowther"]
[SourceDate "2024.10.21"]
[SourceVersion "1"]
[SourceVersionDate "2024.10.21"]
[SourceQuality "2"]

1. e4 c5 2. Nf3 Nc6 3. d4 cxd4 4. Nxd4 Nf6 5. Nc3 e5 6. Ndb5 d6 7. Bg5 a6 8. Na3 b5 9. Nd5 Be7 10. Bxf6 Bxf6 11. c4 b4 12. Nc2 O-O 13. Be2 a5 14. O-O Bg5 15. Qd3 Be6 16. Rad1 Kh8 17. Qg3 Bh4 18. Qe3 Bg5 19. Qg3 g6 20. a3 bxa3 21. Qxa3 Rb8 22. h3 Qc8 23. Bf3 Rd8 24. Rd3 Nb4 25. Ncxb4 axb4 26. Qb3 h5 27. Rfd1 Qc5 28. Qc2 Ra8 29. b3 Ra3 30. Qe2 Rda8 31. Bxh5 Ra2 32. Qf3 gxh5 33. Qxh5+ Bh6 34. Qxh6+ Kg8 35. Nf6# 1-0

[Event "Titled Tuesday 2024.10.15 Late"]
[Site "chess.com INT"]
[Date "2024.10.15"]
[Round "7"]
[White "Caruana, Fabiano"]
[Black "Thavandiran, Shiyam"]
[Result "1-0"]
[WhiteElo "2796"]
[BlackElo "2410"]
[WhiteFideId "-1"]
[WhiteFideId "-1"]
[PlyCount "95"]
[GameId "2129405225054761"]
[EventDate "2024.10.15"]
[EventType "swiss (blitz)"]
[EventRounds "11"]
[EventCountry "NET"]
[SourceTitle "The Week in Chess 1563"]
[Source "Mark Crowther"]
[SourceDate "2024.10.21"]
[SourceVersion "1"]
[SourceVersionDate "2024.10.21"]
[SourceQuality "2"]

1. Nf3 Nf6 2. c4 e6 3. g3 a6 4. Bg2 b5 5. b3 Bb7 6. O-O c5 7. Nc3 b4 8. Na4 d6 9. d4 Nbd7 10. Bb2 Be7 11. d5 exd5 12. Nh4 g6 13. cxd5 O-O 14. Rc1 Re8 15. Ba1 Bf8 16. Nb2 Nb6 17. Nc4 Bg7 18. Na5 Qc7 19. Nxb7 Qxb7 20. Re1 Ne4 21. Bxg7 Kxg7 22. Qc2 f5 23. Nf3 Nxd5 24. Nd2 Ndc3 25. Nb1 Qb5 26. Nxc3 bxc3 27. Bxe4 Rxe4 28. Qxc3+ Kg8 29. e3 Qc6 30. Red1 Re6 31. b4 Rc8 32. Qc4 Kf7 33. a4 Qxa4 34. Rxd6 Rce8 35. Rxe6 Rxe6 36. Qxc5 Qd7 37. Rc4 h5 38. Rd4 Qc6 39. Qa7+ Kf6 40. h4 Qc1+ 41. Kh2 Qc2 42. Rf4 Rd6 43. e4 Rd1 44. exf5 Qb1 45. fxg6+ Ke6 46. Qxa6+ Ke5 47. Qf6+ Kd5 48. Qf5+ 1-0

[Event "Titled Tuesday 2024.10.15 Late"]
[Site "chess.com INT"]
[Date "2024.10.15"]
[Round "8"]
[White "Adewumi, Tanitoluwa"]
[Black "Thavandiran, Shiyam"]
[Result "1-0"]
[WhiteElo "2349"]
[BlackElo "2410"]
[WhiteFideId "-1"]
[WhiteFideId "-1"]
[PlyCount "87"]
[GameId "2129405225054937"]
[EventDate "2024.10.15"]
[EventType "swiss (blitz)"]
[EventRounds "11"]
[EventCountry "NET"]
[SourceTitle "The Week in Chess 1563"]
[Source "Mark Crowther"]
[SourceDate "2024.10.21"]
[SourceVersion "1"]
[SourceVersionDate "2024.10.21"]
[SourceQuality "2"]

1. Nf3 Nf6 2. b3 g6 3. Bb2 Bg7 4. g3 b5 5. Bg2 Bb7 6. c4 b4 7. a3 a5 8. axb4 axb4 9. Rxa8 Bxa8 10. O-O d6 11. d4 Nbd7 12. Nbd2 O-O 13. Ne1 Bxg2 14. Kxg2 Qa8+ 15. Kg1 h5 16. Nd3 c5 17. d5 e5 18. dxe6 fxe6 19. Nf4 Qe8 20. Nf3 e5 21. Nd5 e4 22. Ng5 Ng4 23. Bxg7 Kxg7 24. Nf4 Rf6 25. Qd5 e3 26. Nge6+ Kh7 27. f3 Nf2 28. Ra1 Ne5 29. Ra8 Qc6 30. Ra7+ Kh6 31. h4 Qxd5 32. cxd5 Nf7 33. Nf8 Kg7 34. N4e6+ Kh6 35. Nd7 Rf5 36. Nb6 Ne5 37. Ng5 Rxg5 38. hxg5+ Kxg5 39. f4+ Kg4 40. fxe5 dxe5 41. d6 Kxg3 42. d7 Nh3+ 43. Kf1 Nf2 44. d8=Q 1-0

[Event "Titled Tuesday 2024.10.15 Late"]
[Site "chess.com INT"]
[Date "2024.10.15"]
[Round "9"]
[White "Thavandiran, Shiyam"]
[Black "Kavutskiy, Konstantin"]
[Result "1-0"]
[WhiteElo "2410"]
[BlackElo "2342"]
[WhiteFideId "-1"]
[WhiteFideId "-1"]
[PlyCount "203"]
[GameId "2129405225055132"]
[EventDate "2024.10.15"]
[EventType "swiss (blitz)"]
[EventRounds "11"]
[EventCountry "NET"]
[SourceTitle "The Week in Chess 1563"]
[Source "Mark Crowther"]
[SourceDate "2024.10.21"]
[SourceVersion "1"]
[SourceVersionDate "2024.10.21"]
[SourceQuality "2"]

1. e4 c5 2. Nf3 Nc6 3. d4 cxd4 4. Nxd4 Nf6 5. Nc3 e5 6. Ndb5 d6 7. Bg5 a6 8. Na3 b5 9. Nd5 Be7 10. Bxf6 Bxf6 11. c4 b4 12. Nc2 O-O 13. Be2 Bg5 14. O-O a5 15. Qd3 Be6 16. Rad1 g6 17. Bf3 Kh8 18. a3 Qb8 19. h3 Qb7 20. Bg4 b3 21. Nce3 Nd4 22. Rfe1 f5 23. exf5 gxf5 24. Bh5 f4 25. Ng4 Bf5 26. Qc3 Qg7 27. c5 Rac8 28. Rxd4 exd4 29. Qxb3 dxc5 30. Ne5 c4 31. Nxc4 Bh4 32. Ne5 Rb8 33. Qf3 Rxb2 34. g3 Bxh3 35. Nxf4 Bc8 36. Neg6+ hxg6 37. Nxg6+ Kg8 38. Qxf8+ Qxf8 39. Nxf8 Kxf8 40. gxh4 d3 41. Rd1 Bf5 42. Bf3 Ra2 43. Kg2 Rxa3 44. Kg3 Ra2 45. Kf4 Bh7 46. Ke3 a4 47. Bd5 Rb2 48. f4 Re2+ 49. Kd4 a3 50. Ra1 a2 51. Rxa2 Rxa2 52. Bxa2 d2 53. Bb3 Ke7 54. Ke3 Kf6 55. Kxd2 Bg6 56. Ke3 Be8 57. Bd1 Bd7 58. Bf3 Bc8 59. Be2 Bd7 60. Kf3 Bc6+ 61. Kg3 Bd7 62. Bg4 Bc6 63. Bf3 Bd7 64. Bg2 Bc8 65. Bh3 Bb7 66. h5 Bc6 67. Kh4 Be4 68. Bg4 Bc2 69. Bf3 Bb1 70. Be2 Bc2 71. Bc4 Bb1 72. Bb5 Bc2 73. Be8 Bb1 74. Kg4 Bf5+ 75. Kg3 Bb1 76. h6 Bh7 77. Kh4 Be4 78. Bh5 Bh7 79. Be2 Be4 80. Bh5 Bh7 81. Kg3 Bb1 82. Kf3 Bh7 83. Ke3 Bb1 84. Be2 Bc2 85. Bd3 Ba4 86. Ke4 Bc6+ 87. Kd4 Bd7 88. Kc5 Bc8 89. Kd6 Bg4 90. Bc2 Bh3 91. Be4 Bg4 92. Bd3 Bh3 93. Kd5 Bg4 94. Kd4 Be6 95. Ke3 Bd7 96. Kd4 Bg4 97. Kc5 Bh3 98. Kd6 Bg4 99. Kc7 Bh3 100. Kd8 Be6 101. Ke8 Bb3 102. Kf8 1-0

[Event "Titled Tuesday 2024.10.15 Late"]
[Site "chess.com INT"]
[Date "2024.10.15"]
[Round "10"]
[White "Klukin, Kirill"]
[Black "Thavandiran, Shiyam"]
[Result "1-0"]
[WhiteElo "2413"]
[BlackElo "2410"]
[WhiteFideId "-1"]
[WhiteFideId "-1"]
[PlyCount "93"]
[GameId "2129405225055205"]
[EventDate "2024.10.15"]
[EventType "swiss (blitz)"]
[EventRounds "11"]
[EventCountry "NET"]
[SourceTitle "The Week in Chess 1563"]
[Source "Mark Crowther"]
[SourceDate "2024.10.21"]
[SourceVersion "1"]
[SourceVersionDate "2024.10.21"]
[SourceQuality "2"]

1. d4 e6 2. Nf3 Nf6 3. e3 b6 4. Bd3 Bb7 5. O-O c5 6. c4 Be7 7. Nc3 cxd4 8. exd4 d5 9. cxd5 Nxd5 10. Ne5 O-O 11. Qh5 Nf6 12. Qh4 Nc6 13. Bg5 h6 14. Bxf6 Bxf6 15. Qe4 g6 16. Nxc6 Qd6 17. Qf3 Bxd4 18. Nb5 Bxc6 19. Nxd6 Bxf3 20. gxf3 Bxb2 21. Rad1 Rad8 22. Bb5 Ba3 23. Nc4 Bc5 24. Kg2 Kg7 25. f4 Kf6 26. Kf3 g5 27. Ne5 Kg7 28. Rg1 Rxd1 29. Rxd1 gxf4 30. Rd7 Kf6 31. Nd3 Kf5 32. Rxa7 e5 33. Nxc5 bxc5 34. Bd3+ Kf6 35. Rc7 Rd8 36. Bc4 Rd2 37. Rxf7+ Kg5 38. Re7 Rc2 39. Rxe5+ Kh4 40. Rxc5 Rc3+ 41. Kxf4 h5 42. f3 Rc2 43. a4 Rxh2 44. Bf7 Kh3 45. Rxh5+ Kg2 46. Rxh2+ Kxh2 47. a5 1-0

[Event "Titled Tuesday 2024.10.15 Late"]
[Site "chess.com INT"]
[Date "2024.10.15"]
[Round "11"]
[White "Thavandiran, Shiyam"]
[Black "Krawczyk, Flawian"]
[Result "0-1"]
[WhiteElo "2410"]
[BlackElo "2250"]
[WhiteFideId "-1"]
[WhiteFideId "-1"]
[PlyCount "73"]
[GameId "2129405225055299"]
[EventDate "2024.10.15"]
[EventType "swiss (blitz)"]
[EventRounds "11"]
[EventCountry "NET"]
[SourceTitle "The Week in Chess 1563"]
[Source "Mark Crowther"]
[SourceDate "2024.10.21"]
[SourceVersion "1"]
[SourceVersionDate "2024.10.21"]
[SourceQuality "2"]

1. e4 c5 2. Nf3 Nc6 3. d4 cxd4 4. Nxd4 g6 5. c4 Nf6 6. Nc3 Nxd4 7. Qxd4 d6 8. f3 Bg7 9. Be3 O-O 10. Qd2 a5 11. b3 Be6 12. Rc1 Nd7 13. Na4 b6 14. Be2 Nc5 15. Nc3 f5 16. exf5 gxf5 17. O-O Kh8 18. Rfe1 Bg8 19. Bg5 Qd7 20. Bf1 e5 21. Rcd1 e4 22. fxe4 fxe4 23. Nxe4 Nxe4 24. Rxe4 Qf5 25. Ree1 a4 26. Be3 axb3 27. axb3 Ra3 28. Qb4 Ra2 29. Qxb6 Qg4 30. Qb7 d5 31. Rd2 Rxd2 32. Bxd2 Bd4+ 33. Kh1 Qh4 34. h3 Qf2 35. Be2 Re8 36. Qd7 Rxe2 37. cxd5 0-1

[Event "Olympiad"]
[Site "Budapest HUN"]
[Date "2024.09.14"]
[Round "4.2"]
[White "Kourkoulos Arditis, Stamatis"]
[Black "Thavandiran, Shiyam"]
[Result "1/2-1/2"]
[WhiteElo "2570"]
[BlackElo "2388"]
[WhiteFideId "-1"]
[WhiteFideId "-1"]
[PlyCount "133"]
[GameId "2130307536971216"]
[EventDate "2024.09.11"]
[EventType "team"]
[EventRounds "11"]
[EventCountry "HUN"]
[SourceTitle "10 Days #772"]
[Source "ChessMix "]
[SourceDate "2024.10.01"]
[SourceVersion "1"]
[SourceVersionDate "2024.10.01"]
[SourceQuality "1"]
[WhiteTeam "Greece"]
[BlackTeam "Canada"]
[WhiteTeamCountry "GRE"]
[BlackTeamCountry "CAN"]

1. e4 e6 2. d4 d5 3. e5 c5 4. c3 Nc6 5. Nf3 Bd7 6. Be2 Nge7 7. O-O Nf5 8. dxc5 Bxc5 9. b4 Bb6 10. Bd3 O-O 11. Re1 Nce7 12. a4 Rc8 13. a5 Bc7 14. Nbd2 f6 15. exf6 gxf6 16. c4 Nd6 17. Qb3 Qe8 18. cxd5 Nxd5 19. Nf1 Bb8 20. Bd2 a6 21. Ng3 Qf7 22. Rad1 Rfd8 23. h3 Ba7 24. Ne4 Nb5 25. Bb1 Kh8 26. Nc5 Rg8 27. Re4 Bxc5 28. bxc5 Rxc5 29. Rh4 Rg7 30. Bh6 Rg6 31. Bxg6 Qxg6 32. Qd3 Qxd3 33. Rxd3 Nd6 34. Rg4 Nf5 35. Bf8 Rxa5 36. Rd1 h5 37. Rc4 Kg8 38. Bc5 Bb5 39. Re4 Kf7 40. Ree1 Bc6 41. Be3 Ra3 42. Bd2 a5 43. Ra1 Rxa1 44. Rxa1 a4 45. g4 hxg4 46. hxg4 Nd6 47. Nd4 Bd7 48. Nc2 Nc4 49. Be1 b5 50. f3 e5 51. Kf2 Ke6 52. Nb4 Nf4 53. Bc3 Nh3+ 54. Kg3 Nf4 55. Kf2 Nd5 56. Nxd5 Kxd5 57. Rd1+ Kc6 58. Bb4 e4 59. fxe4 Bxg4 60. Rf1 Bh3 61. Rh1 Be6 62. Ke2 f5 63. Rh6 Kd7 64. Rh7+ Kc6 65. Rh6 Kd7 66. Rh7+ Kc6 67. Rh6 1/2-1/2

[Event "Olympiad"]
[Site "Budapest HUN"]
[Date "2024.09.16"]
[Round "6.2"]
[White "Gurel, Ediz"]
[Black "Thavandiran, Shiyam"]
[Result "1-0"]
[WhiteElo "2602"]
[BlackElo "2388"]
[WhiteFideId "-1"]
[WhiteFideId "-1"]
[PlyCount "123"]
[GameId "2130307537000568"]
[EventDate "2024.09.11"]
[EventType "team"]
[EventRounds "11"]
[EventCountry "HUN"]
[SourceTitle "10 Days #772"]
[Source "ChessMix "]
[SourceDate "2024.10.01"]
[SourceVersion "1"]
[SourceVersionDate "2024.10.01"]
[SourceQuality "1"]
[WhiteTeam "Turkiye"]
[BlackTeam "Canada"]
[BlackTeamCountry "CAN"]

1. e4 e6 2. d4 d5 3. Nc3 Nf6 4. e5 Nfd7 5. f4 c5 6. Nf3 Nc6 7. Be3 a6 8. Ne2 Qb6 9. Qc1 Be7 10. c3 Qa5 11. Kf2 Qc7 12. Kg1 b5 13. h4 cxd4 14. cxd4 Nb6 15. h5 Bd7 16. b3 Rc8 17. Qe1 Nb4 18. Qg3 Kf8 19. Ne1 Qd8 20. Bd2 Na8 21. a3 Nc6 22. Nd3 a5 23. Qf2 Nb6 24. g4 a4 25. b4 Nc4 26. Bc1 Qb6 27. f5 Ke8 28. Rh3 Kd8 29. Rf3 Kc7 30. Bf4 Kb7 31. Bg3 Nd2 32. Rf4 Ka8 33. Rd1 Nc4 34. Rf3 Qa7 35. Nc5 Bxc5 36. bxc5 N6a5 37. Bg2 Nb3 38. fxe6 Bxe6 39. Nc3 Qd7 40. Rf4 Rhf8 41. Qf3 Rcd8 42. Bh4 Nxa3 43. Bxd8 Rxd8 44. Qd3 g6 45. hxg6 hxg6 46. Rf6 Ka7 47. Rdf1 Nc4 48. R1f4 b4 49. Nxd5 Bxd5 50. c6 Nc1 51. Qd1 b3 52. cxd7 Bxg2 53. Qxc1 Bd5 54. Qc3 b2 55. Qb4 Rxd7 56. Qxa4+ Kb8 57. Qxd7 b1=Q+ 58. Rf1 Qe4 59. Qd8+ Kb7 60. Rxf7+ Ka6 61. R7f6+ Kb5 62. Qb8+ 1-0

[Event "Olympiad"]
[Site "Budapest HUN"]
[Date "2024.09.19"]
[Round "8.2"]
[White "Thavandiran, Shiyam"]
[Black "Middelburg, Tom"]
[Result "1-0"]
[WhiteElo "2388"]
[BlackElo "2355"]
[WhiteFideId "-1"]
[WhiteFideId "-1"]
[PlyCount "75"]
[GameId "2130307537029941"]
[EventDate "2024.09.11"]
[EventType "team"]
[EventRounds "11"]
[EventCountry "HUN"]
[SourceTitle "10 Days #772"]
[Source "ChessMix "]
[SourceDate "2024.10.01"]
[SourceVersion "1"]
[SourceVersionDate "2024.10.01"]
[SourceQuality "1"]
[WhiteTeam "Canada"]
[BlackTeam "New Zealand"]
[WhiteTeamCountry "CAN"]
[BlackTeamCountry "NZL"]

1. e4 c6 2. Nf3 d5 3. d3 dxe4 4. dxe4 Qxd1+ 5. Kxd1 Nf6 6. Nbd2 Nbd7 7. Ne1 e5 8. f3 Nb6 9. a4 a5 10. Nb3 Be6 11. Bd2 Bxb3 12. cxb3 Bc5 13. Nc2 Ke7 14. Bd3 Ne8 15. g3 Nc7 16. Bc3 Nd7 17. f4 Rhd8 18. Ke2 f6 19. f5 Bb6 20. b4 axb4 21. Bxb4+ Bc5 22. Bc3 b5 23. b3 Rdb8 24. Rhc1 Bd6 25. Nb4 Rb6 26. a5 Rba6 27. Nxa6 Nxa6 28. Bd2 Ndc5 29. Bc2 Nb7 30. Bd1 Bc5 31. b4 Bxb4 32. Rxc6 Bxd2 33. Kxd2 Nbc5 34. Ke3 Rd8 35. Be2 Nb3 36. Rd1 Rxd1 37. Bxd1 Nb4 38. Re6+ 1-0

[Event "Olympiad"]
[Site "Budapest HUN"]
[Date "2024.09.20"]
[Round "9.3"]
[White "Thavandiran, Shiyam"]
[Black "Hommadov, Amanmuhammet"]
[Result "1-0"]
[WhiteElo "2388"]
[BlackElo "2181"]
[WhiteFideId "-1"]
[WhiteFideId "-1"]
[PlyCount "81"]
[GameId "2130307537046752"]
[EventDate "2024.09.11"]
[EventType "team"]
[EventRounds "11"]
[EventCountry "HUN"]
[SourceTitle "10 Days #772"]
[Source "ChessMix "]
[SourceDate "2024.10.01"]
[SourceVersion "1"]
[SourceVersionDate "2024.10.01"]
[SourceQuality "1"]
[WhiteTeam "Canada"]
[BlackTeam "Turkmenistan"]
[WhiteTeamCountry "CAN"]
[BlackTeamCountry "TKM"]

1. e4 c5 2. Nf3 Nc6 3. d4 cxd4 4. Nxd4 Nf6 5. Nc3 e5 6. Ndb5 d6 7. Bg5 a6 8. Na3 b5 9. Nd5 Be7 10. Bxf6 Bxf6 11. c4 b4 12. Nc2 O-O 13. Be2 a5 14. O-O Bg5 15. Qd3 Be6 16. Rad1 Qb8 17. Qg3 Bd8 18. b3 Ra7 19. Kh1 Bxd5 20. exd5 Ne7 21. f4 exf4 22. Rxf4 Ng6 23. Re4 Bb6 24. Bh5 Ne5 25. Rxe5 dxe5 26. d6 e4 27. Qe5 Rd8 28. Bg4 Ra6 29. Qb5 Qa7 30. d7 Bc5 31. Rd5 Rf6 32. g3 Rf1+ 33. Kg2 Bg1 34. c5 Rc1 35. Re5 Rxc2+ 36. Kxg1 g6 37. Re8+ Kg7 38. Rxd8 Rxc5 39. Rg8+ Kh6 40. d8=Q Rc1+ 41. Kg2 1-0

[Event "Olympiad"]
[Site "Budapest HUN"]
[Date "2024.09.21"]
[Round "10.3"]
[White "Castro Torres, Jose Luis"]
[Black "Thavandiran, Shiyam"]
[Result "0-1"]
[WhiteElo "2299"]
[BlackElo "2388"]
[WhiteFideId "-1"]
[WhiteFideId "-1"]
[PlyCount "58"]
[GameId "2130307537059319"]
[EventDate "2024.09.11"]
[EventType "team"]
[EventRounds "11"]
[EventCountry "HUN"]
[SourceTitle "10 Days #772"]
[Source "ChessMix "]
[SourceDate "2024.10.01"]
[SourceVersion "1"]
[SourceVersionDate "2024.10.01"]
[SourceQuality "1"]
[WhiteTeam "Venezuela"]
[BlackTeam "Canada"]
[WhiteTeamCountry "VEN"]
[BlackTeamCountry "CAN"]

1. e4 e6 2. d4 d5 3. Nd2 c5 4. exd5 Qxd5 5. Ngf3 cxd4 6. Bc4 Qd6 7. Ne4 Qb4+ 8. Nfd2 Nc6 9. c3 Qb6 10. O-O Be7 11. Re1 Nf6 12. Nxf6+ Bxf6 13. Ne4 Be5 14. Kh1 O-O 15. f4 Bc7 16. Qd3 h6 17. f5 exf5 18. Nf6+ gxf6 19. Bxh6 Ne5 20. Qg3+ Ng4 21. Qh4 Be5 22. Qh5 Be6 23. Bxe6 Qxe6 24. Bxf8 Rxf8 25. cxd4 Qb6 26. Qxf5 Qxd4 27. Re2 Bxh2 28. Rae1 Bg3 29. Rc1 Kg7 0-1

[Event "Olympiad"]
[Site "Budapest HUN"]
[Date "2024.09.22"]
[Round "11.3"]
[White "Thavandiran, Shiyam"]
[Black "Tran, Tuan Minh"]
[Result "1-0"]
[WhiteElo "2388"]
[BlackElo "2434"]
[WhiteFideId "-1"]
[WhiteFideId "-1"]
[PlyCount "83"]
[GameId "2130307537076082"]
[EventDate "2024.09.11"]
[EventType "team"]
[EventRounds "11"]
[EventCountry "HUN"]
[SourceTitle "10 Days #772"]
[Source "ChessMix "]
[SourceDate "2024.10.01"]
[SourceVersion "1"]
[SourceVersionDate "2024.10.01"]
[SourceQuality "1"]
[WhiteTeam "Canada"]
[BlackTeam "Vietnam"]
[WhiteTeamCountry "CAN"]
[BlackTeamCountry "VIE"]

1. e4 c5 2. Nf3 d6 3. d4 cxd4 4. Nxd4 Nf6 5. Nc3 a6 6. h3 e5 7. Nde2 Be7 8. g4 Be6 9. g5 Nfd7 10. h4 b5 11. Ng3 Nb6 12. Nf5 O-O 13. Be3 N8d7 14. a3 Nc5 15. Qf3 Rc8 16. O-O-O Qc7 17. Bxc5 dxc5 18. Nd5 Nxd5 19. exd5 Bxf5 20. Qxf5 c4 21. d6 Bxd6 22. h5 Qe7 23. Bg2 Rcd8 24. Be4 g6 25. hxg6 hxg6 26. Qh3 Qxg5+ 27. f4 Qxf4+ 28. Kb1 Kg7 29. Qh7+ Kf6 30. Rdf1 Rh8 31. Rxf4+ exf4 32. Qxh8+ Rxh8 33. Rxh8 Bc5 34. Kc1 Kg7 35. Rc8 Be3+ 36. Kd1 f5 37. Bh1 g5 38. Rc6 a5 39. Ra6 a4 40. Ra5 g4 41. Ke2 Kf6 42. Rxb5 1-0

[Event "Titled Tuesday 2024.08.27 Late"]
[Site "Chess.com INT"]
[Date "2024.08.27"]
[Round "3"]
[White "Thavandiran, Shiyam"]
[Black "Manukian, Artak"]
[Result "0-1"]
[WhiteElo "2388"]
[BlackElo "2104"]
[WhiteFideId "-1"]
[WhiteFideId "-1"]
[PlyCount "130"]
[GameId "2107989759390656"]
[EventDate "2024.08.27"]
[EventType "swiss (blitz)"]
[EventRounds "11"]
[EventCountry "NET"]
[SourceTitle "EXT 2025"]
[Source "ChessBase"]
[SourceDate "2024.10.14"]
[SourceVersion "1"]
[SourceVersionDate "2024.10.14"]
[SourceQuality "1"]

1. e4 c6 2. d4 d5 3. Nd2 dxe4 4. Nxe4 Nf6 5. Nxf6+ exf6 6. Bc4 Bd6 7. Qe2+ Qe7 8. Qxe7+ Kxe7 9. Ne2 Be6 10. Bd3 b5 11. b3 b4 12. Nf4 Nd7 13. O-O Nb6 14. Re1 Nd5 15. Nxe6 fxe6 16. Bf5 Nc7 17. Bd2 a5 18. Re2 Kd7 19. Bh3 f5 20. g3 Nb5 21. Be3 h5 22. Rd2 h4 23. Bf1 Nc3 24. Bc4 Nd5 25. Re1 Rag8 26. f4 g5 27. fxg5 hxg3 28. hxg3 Bxg3 29. Rf1 Nxe3 30. Re2 Nxf1 31. Bxe6+ Kd6 32. Bxg8 Rxg8 33. Kxf1 Rxg5 34. Re8 f4 35. Ke2 Rh5 36. Kf3 Rh2 37. Re5 Rxc2 38. Rxa5 Rc3+ 39. Kg4 Rd3 40. Rf5 Rxd4 41. Rf6+ Kd5 42. Rf5+ Kd6 43. Rf6+ Kc5 44. Rf8 Rd2 45. Ra8 Bh2 46. Kh3 Bg1 47. Kg4 Be3 48. Kf3 Rf2+ 49. Ke4 Bc1 50. Ra5+ Kb6 51. Ra4 Ba3 52. Ra8 Rxa2 53. Kxf4 Rb2 54. Ke4 Rxb3 55. Kd4 Rb1 56. Kc4 Rc1+ 57. Kb3 Rc3+ 58. Ka4 Kb7 59. Ra6 c5 60. Rb6+ Kc7 61. Rb5 Rc1 62. Kb3 Kc6 63. Ka4 Kd5 64. Rb8 Kc4 65. Rd8 Bb2 0-1

[Event "Titled Tuesday 2024.08.27 Late"]
[Site "Chess.com INT"]
[Date "2024.08.27"]
[Round "4"]
[White "Yedidia, Jonathan"]
[Black "Thavandiran, Shiyam"]
[Result "1-0"]
[WhiteElo "2361"]
[BlackElo "2388"]
[WhiteFideId "-1"]
[WhiteFideId "-1"]
[PlyCount "69"]
[GameId "2107989759403187"]
[EventDate "2024.08.27"]
[EventType "swiss (blitz)"]
[EventRounds "11"]
[EventCountry "NET"]
[SourceTitle "EXT 2025"]
[Source "ChessBase"]
[SourceDate "2024.10.14"]
[SourceVersion "1"]
[SourceVersionDate "2024.10.14"]
[SourceQuality "1"]

1. Nf3 Nf6 2. b3 c5 3. Bb2 Nc6 4. e3 d5 5. Bb5 Bg4 6. h3 Bh5 7. g4 Bg6 8. Ne5 Qc7 9. Bxc6+ bxc6 10. d3 e6 11. Nd2 Bd6 12. Ndf3 h6 13. Nxg6 fxg6 14. Qe2 O-O 15. O-O-O Nd7 16. e4 d4 17. Kb1 Bf4 18. e5 a5 19. a4 Rab8 20. Qe4 g5 21. h4 gxh4 22. Nxh4 Nxe5 23. Ng6 Nxg6 24. Qxg6 Rf6 25. Qe4 e5 26. Rdg1 Bg5 27. Bc1 Bxc1 28. Kxc1 Rxf2 29. g5 Qb7 30. gxh6 Rxc2+ 31. Kd1 Qxb3 32. Rxg7+ Kf8 33. Qf5+ Ke8 34. Qd7+ Kf8 35. Qe7# 1-0